[Event "3rd Geller mem Open A"]
[Site "Odessa UKR"]
[Date "2007.09.16"]
[Round "9"]
[White "Rymskyy,A"]
[Black "Kachur,A"]
[Result "0-1"]
[WhiteElo "2098"]
[BlackElo "2284"]

1.e4 d5 2.exd5 Qxd5 3.Nc3 Qd6 4.d4 Nf6 5.Nge2 Nc6 6.Bf4 Qd8 7.Qd2 Nb4 8.O-O-O Bf5
9.Nb5 Nbd5 10.Ng3 Bd7 11.Be5 e6 12.Nc3 Bb4 13.Bd3 O-O 14.Nge2 Nxc3 15.bxc3 Ba3+
16.Kb1 c5 17.Ka1 cxd4 18.cxd4 b5 19.g4 Nd5 20.h4 f6 21.Bf4 Bb4 22.Qc1 Nc3
23.Qb2 Nxd1 24.Rxd1 Qe7 25.c3 Bd6 26.Qc2 f5 27.Bg5 Qf7 28.Rg1 Kh8 29.gxf5 exf5
30.Ng3 Rac8 31.Qd2 Rc7 32.h5 Rfc8 33.h6 g6 34.Ne2 a6 35.Rc1 Be6 36.Bb1 Bd5
37.Nf4 b4 38.Nxd5 Qxd5 39.Bf6+ Kg8 40.c4 Rxc4 41.Re1 Kf7 42.Qg5 Re8 43.Rxe8 Kxe8
44.Bd3 Rxd4 45.Qe3+ Re4 46.Bxe4 Be5+ 47.Kb1 Qd1+ 48.Qc1 Qxc1+ 49.Kxc1 Bxf6
50.Bc6+ Kf8 51.f4 g5 52.Bd7 gxf4 53.Bxf5 Kg8 54.Kc2 Bg5 55.Kb3 a5 56.Ka4 Bxh6
57.Kxa5 Bf8 58.Kb5 f3 59.Kc4 f2 60.Bh3 Kg7 61.Kd4 Kf6 62.Ke4 Kg5 63.Kf3 Bc5
64.Bf1 Kf5 65.Bh3+ Ke5 66.Ke2 Kf4 67.Kf1 Ke3 68.Be6 Kd2 69.Bd5 Kc1 70.Bc4 Kb2
71.Bf7 h6 72.Kg2 Bb6 73.Kf1 h5 74.Kg2 h4 75.Bc4 Kc3 76.Be6 Kd3 77.Bg4 h3+
78.Kf1 h2 79.Bf3 Kc3  0-1

[Event "17th ch-EU U18 Girls"]
[Site "Sibenik CRO"]
[Date "2007.09.16"]
[Round "3"]
[White "Charochkina,D"]
[Black "Chirita,A"]
[Result "0-1"]
[WhiteElo "2390"]
[BlackElo "2056"]

1.e4 d5 2.exd5 Qxd5 3.Nc3 Qd8 4.d4 Nf6 5.Nf3 Bg4 6.h3 Bxf3 7.Qxf3 c6 8.Bf4 e6
9.O-O-O Bb4 10.Ne4 Nxe4 11.Qxe4 Qd5 12.Qxd5 cxd5 13.Rd3 Nc6 14.Rb3 O-O-O
15.Bb5 Bd6 16.Be3 Na5 17.Rc3+ Kb8 18.Bd2 Bb4 19.Bf4+ Bd6 20.Bg5 Rc8 21.Bd2 Rxc3
22.Bxc3 Nc6 23.b3 Rc8 24.Bb2 Nb4 25.c3 Nxa2+ 26.Kd2 Bf4+ 27.Kc2 Nb4+ 28.Kd1 Nc6
29.g3 Bd6 30.f4 g6 31.Kd2 a6 32.Bd3 b5 33.Ke3 Kb7 34.Ra1 Kb6 35.g4 Na5 36.b4 Nc4+
37.Bxc4 bxc4 38.f5 exf5 39.gxf5 Re8+ 40.Kf2 Re4 41.Bc1 Rh4 42.Ra5 Rxh3 43.Be3 Rh5
44.Rxd5 Rxf5+ 45.Rxf5 gxf5 46.Bg5 Kc6 47.Ke3 Kd5 48.Kf3 h5 49.Bh4 Bc7 50.Be1 Bd8
51.Kf4 h4 52.Kf3 h3 53.Bg3 Bg5 54.Ke2 Ke4 55.Bh2 f4 56.d5 Kxd5 57.Kf3 f5
58.Bg1 Bf6  0-1

[Event "17th ch-EU U16 Girls"]
[Site "Sibenik CRO"]
[Date "2007.09.17"]
[Round "4"]
[White "Thorsteinsdottir,H"]
[Black "Fernandez,Laur"]
[Result "0-1"]
[WhiteElo "1808"]
[BlackElo "2036"]

1.e4 d5 2.exd5 Qxd5 3.Nc3 Qd6 4.d4 Nf6 5.Nf3 a6 6.Be3 e6 7.Qd2 b5 8.Bd3 Bb7
9.O-O-O Nbd7 10.Bf4 Qb6 11.Rde1 Be7 12.Ne4 h6 13.c3 Nd5 14.Be3 O-O-O 15.Ne5 Nxe5
16.dxe5 Nxe3 17.Rxe3 f5 18.exf6 gxf6 19.f4 c5 20.Qe2 c4 21.Bc2 Bd5 22.f5 Rhg8
23.Re1 exf5 24.Ng3 Bc5 25.Bxf5+ Kb8 26.Re6 Bxe6  0-1

[Event "17th ch-EU U16 Girls"]
[Site "Sibenik CRO"]
[Date "2007.09.18"]
[Round "5"]
[White "Kulon,K"]
[Black "Iordanidou,Z"]
[Result "0-1"]
[WhiteElo "2170"]
[BlackElo "2005"]

1.e4 d5 2.exd5 Qxd5 3.Nc3 Qd6 4.d4 Nf6 5.g3 Bg4 6.Nf3 Nc6 7.Bb5 O-O-O 8.Bf4 Qe6+
9.Kf1 Bxf3 10.Qxf3 Nxd4 11.Qd3 Nb3 12.Qxd8+ Kxd8 13.axb3 a6 14.Kg2 Qb6 15.Rhd1+ Kc8
16.Be2 e6 17.Na4 Qc6+ 18.Bf3 Qe8 19.c4 Nd7 20.Rd3 Nc5 21.Nxc5 Bxc5 22.Rad1 Qe7
23.h4 h6 24.h5 g5 25.hxg6 fxg6 26.Re1 g5 27.Bd2 Rf8 28.Re2 Qh7 29.Rc3 Bd4
30.Rc1 Rxf3 31.Kxf3 Qd3+ 32.Be3 g4+ 33.Kf4 Qf5+  0-1

[Event "17th ch-EU U16 Girls"]
[Site "Sibenik CRO"]
[Date "2007.09.19"]
[Round "6"]
[White "Tsirulnik,Mari"]
[Black "Golek,J"]
[Result "1/2-1/2"]
[WhiteElo "2095"]
[BlackElo "1990"]

1.e4 d5 2.exd5 Qxd5 3.Nc3 Qd6 4.d4 Nf6 5.Nf3 a6 6.Bd3 Bg4 7.h3 Bh5 8.Ne4 Nxe4
9.Bxe4 Nc6 10.c3 Bg6 11.Qe2 e6 12.O-O Be7 13.b3 O-O 14.Bb2 Bf6 15.Rad1 Rfe8
16.c4 Rad8 17.Bxg6 hxg6 18.Rfe1 Ne7 19.Nd2 Qb6 20.Ne4 Nf5 21.Nxf6+ gxf6 22.d5 e5
23.Qc2 c5 24.dxc6 Qxc6 25.Qe2 Qb6 26.Qe4 a5 27.g4 Ng7 28.Bc1 Ne6 29.Be3 Qb4
30.Qf3 Kg7 31.Qe2 a4 32.Rb1 Rd7 33.bxa4 Qxa4 34.Rb3 Rc8 35.Rc1 g5 36.Rbc3 Qa6
37.R3c2 Rdc7 38.c5 Qxe2 39.Rxe2 Nxc5 40.Bxc5 Rxc5 41.Rxc5 Rxc5 42.Rb2 b5
43.Rb4 f5 44.gxf5 Kf6 45.h4 Kxf5 46.hxg5 Kxg5 47.a4 bxa4 48.Rxa4 f5 49.Kg2 Rc2
50.Kg3 f4+ 51.Kf3 Kf5 52.Ra5 Rd2 53.Rb5 Rc2 54.Ra5 Rc3+ 55.Kg2 Ke4 56.Ra4+ Kd5
57.Ra8 Rd3 58.Ra5+ Ke4 59.Ra4+ Rd4 60.Ra3 Rc4 61.Ra8 Rc6 62.Ra4+ Kd5 63.Kf3 Rc3+
64.Kg4 Rc2 65.Kf3 Rd2 66.Ra5+ Ke6 67.Ra8 Rd6 68.Ke4 Rd4+ 69.Kf3 Rd3+ 70.Ke4 Rd1
71.Ra6+ Rd6 72.Ra8 Rd4+ 73.Kf3 Rc4 74.Re8+ Kd6 75.Ra8  1/2-1/2

[Event "17th ch-EU U16 Girls"]
[Site "Sibenik CRO"]
[Date "2007.09.19"]
[Round "6"]
[White "Karapetyan,L"]
[Black "Fernandez,Laur"]
[Result "1-0"]
[WhiteElo "1949"]
[BlackElo "2036"]

1.e4 d5 2.exd5 Qxd5 3.Nc3 Qd6 4.d4 Nf6 5.Bc4 a6 6.Nge2 Nc6 7.Bf4 e5 8.dxe5 Nxe5
9.Qc1 Qc5 10.Bb3 Bd6 11.O-O Bg4 12.Qe3 Qxe3 13.Bxe3 c5 14.f4 Nc6 15.Ng3 b6
16.Nge4 Nxe4 17.Nxe4 O-O-O 18.Nxd6+ Rxd6 19.Bxf7 Rf8 20.Bc4 Kb7 21.h3 Bf5
22.Rad1 Rfd8 23.Rxd6 Rxd6 24.c3 Ne7 25.g4 Be4 26.Kf2 Nd5 27.f5 g6 28.Ke2 gxf5
29.gxf5 Nxe3 30.Kxe3 Bg2 31.Rf2 Bxh3 32.f6 Rd8 33.f7 Rf8 34.Kf4 b5 35.Bd5+ Kc7
36.Ke5 Bg4 37.Kf6 Kd6 38.Rd2  1-0

[Event "17th ch-EU U16 Boys"]
[Site "Sibenik CRO"]
[Date "2007.09.19"]
[Round "6"]
[White "Mammadov,A"]
[Black "Filippas,S"]
[Result "1-0"]
[WhiteElo "2237"]
[BlackElo "2145"]

1.e4 d5 2.exd5 Qxd5 3.Nc3 Qd6 4.d4 Nf6 5.Nf3 a6 6.h3 Bf5 7.Bc4 Nc6 8.O-O e6
9.Be3 O-O-O 10.Qe2 Be7 11.Rfd1 Nd5 12.a3 Nxe3 13.Qxe3 Bxc2 14.Rd2 Na5 15.Rxc2 Nxc4
16.Qe2 Nb6 17.Rac1 Na8 18.b4 Bf6 19.Ne4 Qb6 20.Nfd2 Kb8 21.Nc4 Qxd4 22.Nc5 Qd5
23.Na5 Bg5 24.Nxa6+ bxa6 25.Qxa6 Rd6 26.Rc6 Qxa5 27.Qxa5 Bxc1 28.Qb5+ Nb6
29.Rxd6 cxd6 30.Qxb6+ Ka8 31.Qc6+  1-0

[Event "17th ch-EU U16 Girls"]
[Site "Sibenik CRO"]
[Date "2007.09.19"]
[Round "6"]
[White "Khanamiryan,A"]
[Black "Boric,Ma"]
[Result "1-0"]
[WhiteElo "1877"]
[BlackElo "1652"]

1.e4 d5 2.exd5 Qxd5 3.Nc3 Qd6 4.Bc4 Nf6 5.Nf3 a6 6.a4 Bg4 7.O-O e6 8.h3 Bh5
9.Qe2 Be7 10.b3 Qc6 11.Bb5 axb5 12.axb5 Bxf3 13.gxf3 Qxc3 14.Rxa8 Qxc2 15.Rxb8+ Bd8
16.Qc4 Qg6+ 17.Kh2 O-O 18.Ba3 Re8 19.Rg1 Qf5 20.Qd4 c5 21.Qd6 Qd5 22.Qxd5 Nxd5
23.Rxb7 Bc7+ 24.Kh1 Be5 25.Bxc5 Nf4 26.Be3 Rc8 27.d4 Bb8 28.Rc1 Re8 29.Rxb8 Rxb8
30.Bxf4  1-0

[Event "17th ch-EU U18 Boys"]
[Site "Sibenik CRO"]
[Date "2007.09.20"]
[Round "7"]
[White "Thomassen,J"]
[Black "Caspi,I"]
[Result "1-0"]
[WhiteElo "2075"]
[BlackElo "2318"]

1.e4 d5 2.exd5 Qxd5 3.Nc3 Qd6 4.Nf3 Nf6 5.d4 a6 6.g3 Bg4 7.Bg2 Nc6 8.O-O O-O-O
9.d5 Nxd5 10.Qxd5 Qxd5 11.Nxd5 Rxd5 12.Ng5 Rc5 13.Be3 Rxc2 14.Nxf7 Rg8 15.Be4 Rxb2
16.Bxh7 Nd8 17.Bxg8 Be6 18.Nxd8 Bxg8 19.Rfd1 Rb5 20.h4 g6 21.Rac1 Bxa2 22.Bf4 c5
23.Rd2 Bb3 24.Re1 Rb6 25.Re5 e6 26.Nf7 Bd5 27.Rdxd5 exd5 28.Rxd5 Be7 29.Bg5 Bxg5
30.Rxc5+ Kd7 31.Nxg5 Rb4 32.Nf3 b5 33.Rg5 a5 34.Rxg6 a4 35.Ra6 Kc7 36.h5 Re4
37.h6 Re8 38.Nd4 Kb7 39.Nxb5 Re4 40.Kg2 Kxa6 41.Nc7+ Kb7 42.h7 a3 43.h8=Q  1-0

[Event "17th ch-EU U18 Girls"]
[Site "Sibenik CRO"]
[Date "2007.09.21"]
[Round "8"]
[White "Paulet,I"]
[Black "Chirita,A"]
[Result "0-1"]
[WhiteElo "2241"]
[BlackElo "2056"]

1.e4 d5 2.exd5 Qxd5 3.Nc3 Qd8 4.d4 Nf6 5.Nf3 Bg4 6.h3 Bxf3 7.Qxf3 c6 8.Be3 e6
9.Bd3 Nbd7 10.O-O Be7 11.Bf4 Qb6 12.Be3 Qxb2 13.Ne4 Nxe4 14.Bxe4 Qa3 15.Rab1 Nb6
16.c4 O-O 17.Qe2 Bf6 18.Qc2 g6 19.c5 Nd5 20.Bxd5 exd5 21.Rxb7 Rab8 22.Rfb1 Rxb7
23.Rxb7 Re8 24.Rb3 Qa5 25.Qb1 Kg7 26.g4 Re4 27.Qc1 Bxd4 28.Bh6+ Kf6 29.Rf3+ Ke6
30.Qg5 f6 31.Qh4 Qxc5 32.Bg7 Qc1+ 33.Kg2 Re1 34.Bxf6 Rg1+ 35.Kh2 Rh1+ 36.Kg3 Qg1+
37.Kf4 Bxf6 38.Re3+ Kd7 39.Qxh7+ Kd6 40.Kf3 Qd1+ 41.Kf4 g5+ 42.Kg3 Rg1+ 43.Kh2 Qf1
44.Re6+ Kxe6 45.Qg8+ Ke7 46.Qh7+ Kd6  0-1

[Event "17th ch-EU U16 Girls"]
[Site "Sibenik CRO"]
[Date "2007.09.21"]
[Round "8"]
[White "Motycakova,M"]
[Black "Boric,Ma"]
[Result "1/2-1/2"]
[WhiteElo "1852"]
[BlackElo "1652"]

1.e4 d5 2.exd5 Qxd5 3.Nc3 Qd6 4.d4 Nf6 5.Nf3 a6 6.g3 Nc6 7.Bg2 Bf5 8.O-O O-O-O
9.d5 Nb4 10.Bf4 Qc5 11.Nd4 Bg6 12.Nb3 Qc4 13.d6 Bh5 14.Qd2 b6 15.a3 Nc6 16.Qe1 e5
17.dxc7 Kxc7 18.Bxe5+ Nxe5 19.Qxe5+ Bd6 20.Qg5 Bg6 21.Nd2 Qc5 22.Qxc5+ Bxc5
23.Nde4 Nxe4 24.Nxe4 Bxe4 25.Bxe4 Rd2 26.Rad1 Rhd8 27.Rxd2 Rxd2 28.Bd3 Bd4
29.b3 g6 30.Kg2 b5 31.Kf3 f5 32.h3 Kd6 33.g4 fxg4+ 34.hxg4 Bc5 35.a4 bxa4
36.bxa4 a5 37.Kg3 Ke6 38.f4 Kf6 39.g5+ Kg7 40.f5 Bd6+ 41.Kf3 gxf5 42.Bxf5 Rd4
43.Bd7  1/2-1/2

[Event "Highlands Open A"]
[Site "Zdar nad Sazavou CZE"]
[Date "2007.09.22"]
[Round "1"]
[White "Blazkova,P"]
[Black "Gallinis Nemcova,V"]
[Result "1-0"]
[WhiteElo "2255"]
[BlackElo "2045"]

1.e4 d5 2.exd5 Qxd5 3.Nc3 Qd6 4.d4 Nf6 5.Nf3 e6 6.Ne5 c6 7.Bf4 Qd8 8.Qf3 Bb4
9.Be2 O-O 10.O-O Nbd7 11.Qg3 Re8 12.Nc4 Nd5 13.Bh6 Qf6 14.Bg5 Qxd4 15.Rad1 Nxc3
16.bxc3 Qxc3 17.Bd3 b5 18.Nd6 Rf8 19.Ne4 Qe5 20.Nf6+ gxf6 21.Bf4+  1-0

[Event "17th ch-EU U16 Girls"]
[Site "Sibenik CRO"]
[Date "2007.09.23"]
[Round "9"]
[White "Grigorian,Mar"]
[Black "Iordanidou,Z"]
[Result "1-0"]
[WhiteElo "2087"]
[BlackElo "2005"]

1.e4 d5 2.exd5 Qxd5 3.Nc3 Qd6 4.d4 Nf6 5.Nf3 c6 6.Ne5 Nbd7 7.Bf4 Qe6 8.Bc4 Nd5
9.Bxd5 cxd5 10.Nb5 Qb6 11.a4 a6 12.Nxd7 Qe6+ 13.Qe2 axb5 14.Qxe6 fxe6 15.Nb6 Ra6
16.Nxc8 Kd8 17.Nb6 Rxb6 18.axb5 Rxb5 19.Ra8+ Kd7 20.b3 e5 21.Bxe5 Ke6 22.Ke2 Kf7
23.Rha1 Rg8 24.Rb8 g5 25.Raa8 h5 26.f3 Rb6 27.Kd3 Rbg6 28.Rxb7 g4 29.f4 Bh6
30.Rxg8 Rxg8 31.Rb6 Bf8 32.Rb5 Ke6 33.f5+ Kxf5 34.Rxd5 Ke6 35.Rd8 h4 36.Bg7 Rxg7
37.Rxf8 h3 38.gxh3 g3 39.hxg3 Rxg3+ 40.Kc4  1-0

[Event "17th ch-EU U18 Boys"]
[Site "Sibenik CRO"]
[Date "2007.09.23"]
[Round "9"]
[White "Jafarli,A"]
[Black "Caspi,I"]
[Result "1-0"]
[WhiteElo "2174"]
[BlackElo "2318"]

1.e4 d5 2.exd5 Qxd5 3.Nc3 Qd6 4.d4 Nf6 5.Nf3 c6 6.Bc4 Bg4 7.Be3 Nbd7 8.h3 Bh5
9.Bb3 e6 10.Qe2 Qc7 11.O-O-O O-O-O 12.g4 Bg6 13.Bg5 Bd6 14.Kb1 Bf4 15.Bh4 h5
16.Rde1 hxg4 17.hxg4 Rde8 18.Bxf6 Rxh1 19.Rxh1 Nxf6 20.Ne5 Bh7 21.a3 Kb8
22.Ka2 Rd8 23.Nf3 Bg6 24.Nh4 Rh8 25.Qf3 Bh7 26.Ng2 Bg5 27.Rh3 Rd8 28.Ne2 Bg6
29.c3 Ne4 30.Ngf4 Nd2 31.Qg3 Bb1+ 32.Ka1 Be4 33.Ba2 e5 34.Nd3 f6 35.Nc5 Qb6
36.f4 exf4 37.Nxf4 Ka8 38.Nfe6 a5 39.Nxd8 Qxd8 40.Ne6 Qe7 41.Rh8+ Ka7 42.Qb8+ Kb6
43.Re8 Qf7 44.Qd8+  1-0

[Event "16th Monarch Assurance"]
[Site "Port Erin IOM"]
[Date "2007.09.25"]
[Round "4"]
[White "Weeks,Ma"]
[Black "Majer,C"]
[Result "1/2-1/2"]
[WhiteElo "2200"]
[BlackElo "2041"]

1.e4 d5 2.exd5 Qxd5 3.Nc3 Qd8 4.d4 Nf6 5.Bc4 c6 6.Nf3 b5 7.Bb3 e6 8.O-O a5
9.a4 b4 10.Ne2 Be7 11.Re1 O-O 12.Nf4 Nd5 13.Nd3 Nd7 14.Nde5 Bb7 15.Nxd7 Qxd7
16.Ne5 Qc7 17.Qh5 c5 18.Be3 Rad8 19.c3 Nf6 20.Qh3 Bd5 21.Bc2 Bb7 22.Bg5 g6
23.Bh6 cxd4 24.Bxf8 Bxf8 25.Bb3 Bd5 26.cxd4 Bxb3 27.Qxb3 Rxd4 28.Rad1 Rxd1
29.Qxd1 Bd6 30.Qe2 Nd5 31.g3 Bxe5 32.Qxe5 Qc2 33.h4 h5 34.Qb8+ Kg7 35.Qe5+ Kg8
36.Kg2 Qxa4 37.Rc1 Qe8 38.Qd6 Qa8 39.Qc6 Qxc6 40.Rxc6 a4 41.Ra6 a3 42.bxa3 bxa3
43.Rxa3 Kg7 44.Kf3 Kf6 45.Ra7 Ne7 46.Ke4 Nf5 47.Kd3 Nh6 48.Ra5 Ng4 49.Ke2 Nh6
50.Kf3 Ng4 51.Kg2 Nh6 52.Kh3 Nf5 53.f3 Nd4 54.Ra4 Nf5 55.g4 hxg4+ 56.fxg4 Nd6
57.Kg3 Kg7 58.Ra6 Nc8 59.Kf4 Kf6 60.g5+ Kg7 61.Ke5 Ne7 62.Ra4 Nf5 63.Rb4 Ne7
64.Kd6 Nf5+ 65.Ke5 Ne7 66.Rc4 Nf5 67.Re4 Ng3 68.Rb4 Nf5 69.Ra4 Ne7 70.Kd6 Nf5+
71.Ke5 Ne7 72.Kf4 Nf5 73.Kg4 Ne3+ 74.Kh3 Nf5 75.Re4 Nd6 76.Re1 Nf5 77.Kg4 Kh7
78.Kf4 Kg7 79.Kg4 Kh7 80.Re4 Nh6+ 81.Kf4 Nf5 82.Ke5 Kg7 83.Rf4 Ne7 84.Kd6 Nf5+
85.Kd7 Kf8 86.Ra4 Kg7 87.Ke8 Nd6+ 88.Kd7 Nf5 89.Rf4 Kf8  1/2-1/2

[Event "Reykjavik CC Inv"]
[Site "Reykjavik ISL"]
[Date "2007.09.25"]
[Round "9"]
[White "Gunnarsson,J"]
[Black "Petursson,Mat"]
[Result "1-0"]
[WhiteElo "2427"]
[BlackElo "1919"]

1.e4 d5 2.exd5 Qxd5 3.Nc3 Qd6 4.d4 Nf6 5.Nf3 a6 6.g3 Bg4 7.Bg2 Nc6 8.O-O O-O-O
9.h3 Bh5 10.g4 Bg6 11.Be3 e6 12.Qe2 Be7 13.a3 h6 14.b4 Nb8 15.Ne5 Nd5 16.Ne4 Qb6
17.Nc5 Nc6 18.Nxg6 fxg6 19.Nxe6 Nxe3 20.fxe3 Rd7 21.Nc5 Rdd8 22.Rab1 Bxc5
23.bxc5 Qa5 24.Qc4 Rhe8 25.Rb3 Qd2 26.Bxc6 bxc6 27.Qxa6+ Kd7 28.Qd3 Qxd3
29.Rxd3  1-0

[Event "USCL 2007"]
[Site "ICC INT"]
[Date "2007.09.26"]
[Round "5"]
[White "Critelli,J"]
[Black "Costigan,R"]
[Result "0-1"]
[WhiteElo "2262"]
[BlackElo "2302"]

1.e4 d5 2.exd5 Qxd5 3.Nc3 Qd8 4.d4 Nf6 5.h3 c6 6.Bc4 g6 7.a4 Bg7 8.Bg5 Nd5
9.Qf3 Be6 10.Nge2 O-O 11.O-O Nf4 12.Qxf4 Bxc4 13.Qe3 Re8 14.Rfd1 Qa5 15.h4 Nd7
16.b4 Qc7 17.Bf4 e5 18.dxe5 Nxe5 19.Rab1 Qb6 20.Qg3 h5 21.Be3 Qa6 22.b5 Qa5
23.Qf4 Rac8 24.bxc6 bxc6 25.f3 Re7 26.Re1 Rce8 27.Ne4 Bd5 28.Bd2 Qd8 29.Bb4 Re6
30.Nd4 Nxf3+ 31.Nxf3 Rxe4 32.Rxe4 Rxe4 33.Qd2 Qb6+ 34.Kh2 a5 35.c4 Rxc4 36.Re1 Qb8+  0-1

[Event "Highlands Open A"]
[Site "Zdar nad Sazavou CZE"]
[Date "2007.09.29"]
[Round "8"]
[White "Toman,Jar"]
[Black "Jacek,Ma"]
[Result "0-1"]
[WhiteElo "2168"]
[BlackElo "2196"]

1.e4 d5 2.exd5 Qxd5 3.Nc3 Qd6 4.d4 Nf6 5.Bd3 c6 6.Nge2 g6 7.Bf4 Qb4 8.Qc1 Bg7
9.O-O Bg4 10.a3 Qa5 11.Re1 O-O 12.Ng3 Re8 13.h3 Be6 14.Nce2 Nbd7 15.Bh6 c5
16.Bxg7 Kxg7 17.Nf4 Nf8 18.Re5 N6d7 19.Rg5 f6 20.Nxe6+ Nxe6 21.Rd5 Qc7 22.dxc5 Ndxc5
23.Qe3 Nxd3 24.Qxd3 Nf4 25.Rd7 Qc6 26.Qe4 Nxh3+ 27.gxh3 Qxd7 28.h4 Rad8 29.h5 Qd5
30.Qe3 gxh5 31.Ne4 Kh8 32.Kh2 Rg8 33.Re1 f5 34.Ng5 Rxg5 35.Qxg5 Rg8  0-1

[Event "Highlands Open A"]
[Site "Zdar nad Sazavou CZE"]
[Date "2007.09.30"]
[Round "9"]
[White "Vladyka,V"]
[Black "Gallinis Nemcova,V"]
[Result "1/2-1/2"]
[WhiteElo "2038"]
[BlackElo "2045"]

1.e4 d5 2.exd5 Qxd5 3.Nc3 Qd8 4.d4 Nf6 5.h3 e6 6.Nf3 a6 7.Bd3 Be7 8.O-O O-O
9.Bg5 Nbd7 10.Qd2 b6 11.Qf4 Bb7 12.Rad1 Re8 13.Rfe1 Nh5 14.Qe3 Bxg5 15.Nxg5 g6
16.Be2 Ndf6 17.Bf3 Bxf3 18.Qxf3 h6 19.Nge4 Kg7 20.g4 Nxe4 21.Qxe4 Qg5 22.Qe5+ Qxe5
23.dxe5 Nf4 24.Kh2 Red8 25.Ne4 g5 26.Nf6  1/2-1/2

[Event "II Patrimon Open"]
[Site "Alcala de Henares ESP"]
[Date "2007.10.11"]
[Round "5"]
[White "Crespo Villalba,I"]
[Black "Lopez Andujar Ocana,A"]
[Result "0-1"]
[WhiteElo "1952"]
[BlackElo "2162"]

1.e4 d5 2.exd5 Qxd5 3.Nc3 Qd8 4.d4 Nf6 5.Nf3 Bg4 6.Be2 e6 7.a3 c6 8.O-O Bd6
9.Bg5 Qc7 10.h3 Bh5 11.Bxf6 gxf6 12.Ne4 Be7 13.Ng3 Bg6 14.c4 Nd7 15.Re1 Rd8
16.Qb3 Kf8 17.Qe3 Rg8 18.Qh6+ Rg7 19.c5 f5 20.Bc4 Nf6 21.Rad1 f4 22.Nf1 Ng8  0-1

[Event "Open"]
[Site "Winterthur SUI"]
[Date "2007.10.11"]
[Round "7"]
[White "Lehmann,A"]
[Black "Eschmann,P"]
[Result "0-1"]
[WhiteElo "2252"]
[BlackElo "2191"]

1.e4 d5 2.exd5 Qxd5 3.Nc3 Qd6 4.Bc4 Nf6 5.Nge2 c6 6.d4 Bf5 7.Bf4 Qb4 8.Bb3 e6
9.O-O Be7 10.Bc7 Na6 11.a3 Qxb3 12.cxb3 Nxc7 13.b4 O-O 14.Qb3 Rfd8 15.b5 cxb5
16.Nxb5 Nxb5 17.Qxb5 Be4 18.Rfd1 Bc6 19.Qb3 Nd5 20.Qg3 Bd6 21.Qg4 h6 22.Re1 a5
23.Rad1 a4 24.Rd3 Nf6 25.Qh4 Ra5 26.Ng3 Rg5 27.h3 Bc7 28.f4 Rb5 29.Re2 Rbd5
30.Ne4 Nxe4 31.Rxe4 Rf5 32.Re5 Rf6 33.Rg3 Kf8 34.Re1 Rxd4 35.Qh5 Rdxf4 36.Qc5+ Kg8
37.Rd1 R4f5 38.Qc3 Be5 39.Qd3 Bxg3 40.Qxg3 Rg6 41.Qb8+ Kh7 42.Rd2 Rfg5 43.g4 Rf6
44.Rd8 Rc5 45.Rh8+ Kg6 46.Qg8 Rc1+ 47.Kh2 Rh1+ 48.Kg3 Rf3+ 49.Kg2 Rfxh3+
50.Kf2 Rf3+ 51.Ke2 Rh2+ 52.Ke1 Bb5 53.Qh7+ Kf6 54.g5+ Ke7  0-1

[Event "TCh-ROU Superliga"]
[Site "Predeal ROU"]
[Date "2007.10.14"]
[Round "2"]
[White "Grigore,N"]
[Black "Vajda,Al1"]
[Result "1/2-1/2"]
[WhiteElo "2374"]
[BlackElo "2456"]

1.e4 d5 2.exd5 Qxd5 3.Nc3 Qd6 4.d4 Nf6 5.Nge2 Bg4 6.f3 Bf5 7.Bf4 Qd7 8.Ng3 Bg6
9.Nge4 Nxe4 10.Nxe4 e6 11.Qd2 Be7 12.Nc5 Qc8 13.h4 h5 14.O-O-O O-O 15.Bd3 Bxd3
16.Nxd3 Rd8 17.g4 Rxd4 18.gxh5 Nc6 19.h6 g6 20.h7+ Kxh7 21.h5 g5 22.Bxg5 Bxg5
23.Qxg5 Qd8 24.Qe3 Qd5 25.c3 Qc4 26.Rhg1 Rd5 27.Rg4 Qxa2 28.Rdg1 Rxh5 29.Rg7+ Kh8
30.Rxf7 Rh2 31.Kd1 Qb1+ 32.Nc1 Qc2+ 33.Ke1 Rd8 34.Nd3 Qb1+ 35.Nc1 Rg8  1/2-1/2

[Event "TCh-ROU Superliga"]
[Site "Predeal ROU"]
[Date "2007.10.15"]
[Round "3"]
[White "Nemeth,F"]
[Black "Szabo,G ROM"]
[Result "1/2-1/2"]
[WhiteElo "2446"]
[BlackElo "2518"]

1.e4 d5 2.exd5 Qxd5 3.Nc3 Qd8 4.d4 Nf6 5.Bg5 c6 6.Qd2 Bf5 7.Nf3 e6 8.Nh4 Bg6
9.Nxg6 hxg6 10.a3 Nbd7 11.g3 Nb6 12.Qd3 Nbd5 13.Bg2 Be7 14.Ne2 Qd7 15.O-O Ng4
16.Bxe7 Nxe7 17.h3 Nf6 18.Rfe1 Nf5 19.Rad1 g5 20.b4 Rd8 21.c3 Kf8 22.Nc1 g6
23.Qf3 Kg7 24.Nd3 Qe7 25.a4 Nd6 26.Ne5 Nd7 27.Ng4 Nb6 28.a5 Nd5 29.Ne5 f6
30.Ng4 b5 31.axb6 axb6 32.b5 Qf7 33.bxc6 Rc8 34.Rxe6 Qxe6 35.Qxd5 Qxd5 36.Bxd5 b5
37.Rb1 Ra8 38.Be6 Ra3 39.Rc1 Rha8 40.Ne3 Ra1 41.Rxa1 Rxa1+ 42.Kg2 Rc1 43.Nd5 b4
44.Nxb4 Rxc3 45.Kf1 Nb5 46.d5 Kf8 47.Ke2 Rc4 48.Na6 Ke7 49.Kd3 Rc3+ 50.Kd2 Rc4
51.Kd3 Rc3+ 52.Kd2 Rc4 53.Kd3  1/2-1/2

[Event "TCh-ROU Superliga"]
[Site "Predeal ROU"]
[Date "2007.10.16"]
[Round "4"]
[White "Ocnarescu,V"]
[Black "Boros,S"]
[Result "1-0"]
[WhiteElo "2197"]
[BlackElo "1988"]

1.e4 d5 2.exd5 Qxd5 3.Nc3 Qd6 4.d4 c6 5.Nge2 Bf5 6.a3 e6 7.Bf4 Qd8 8.Ng3 Bg6
9.Qd2 Nf6 10.Be2 Bd6 11.Bg5 Qc7 12.Bf3 h6 13.Bxf6 gxf6 14.Nge4 Bf4 15.Qe2 Bxe4
16.Nxe4 Nd7 17.g3 Bd6 18.Bh5 f5 19.Nd2 Nf6 20.Qxe6+ Qe7 21.Bxf7+ Kd8 22.Qxe7+ Kxe7
23.Bc4 Rae8 24.O-O f4 25.Nf3 Nd5 26.Rae1+ Kf6 27.Rxe8 Rxe8 28.Re1 Rxe1+ 29.Nxe1 Kf5
30.Kg2 Ke4 31.Nf3 Nb6 32.Bb3 Be7 33.g4 Nc8 34.h4 Nd6 35.Bg8 Nb5 36.Bh7+ Kd5
37.Bg8+ Ke4 38.Bh7+ Kd5 39.c3 Nd6 40.Nd2 c5 41.Bg8+ Kc6 42.Nf3 Kb5 43.dxc5 Kxc5
44.g5 hxg5 45.hxg5 Ne4 46.g6 Nf6 47.Bb3 Nh5 48.Nd4 Bf6 49.Ne6+ Kd6 50.Kf3 Ke5
51.Kg4 Ng7 52.Nxf4 b5  1-0

[Event "TCh-ROU Superliga"]
[Site "Predeal ROU"]
[Date "2007.10.18"]
[Round "6"]
[White "Ocnarescu,V"]
[Black "Miron,L"]
[Result "0-1"]
[WhiteElo "2197"]
[BlackElo "2368"]

1.e4 d5 2.exd5 Qxd5 3.Nc3 Qd6 4.d4 c6 5.Nf3 Bg4 6.Be2 Nd7 7.O-O Ngf6 8.Bg5 e6
9.Bh4 Qc7 10.Bg3 Bd6 11.Ne5 Bf5 12.Nxd7 Qxd7 13.Bf3 Bxg3 14.hxg3 O-O-O 15.Ne2 g5
16.g4 Bxg4 17.Bxg4 Nxg4 18.c3 Qd6 19.g3 Qd5 20.Nf4 gxf4 21.Qxg4 Qd6 22.Qxf4 Qxf4
23.gxf4 Rhg8+ 24.Kh2 Rd5  0-1

[Event "IV Veterans"]
[Site "Calvia ESP"]
[Date "2007.10.19"]
[Round "5"]
[White "Mercadal Melia,D"]
[Black "Llado Llompart,S"]
[Result "1-0"]
[WhiteElo "1986"]
[BlackElo "1773"]

1.e4 d5 2.exd5 Qxd5 3.Nc3 Qd8 4.Bc4 Nf6 5.Nf3 Bg4 6.Bxf7+ Kxf7 7.Ne5+ Kg8
8.Nxg4 Qd4 9.Nxf6+ exf6 10.O-O Nd7 11.Nb5 Qb6 12.Qe2 Kf7 13.Qc4+ Ke7 14.Nxc7  1-0

[Event "Open A"]
[Site "Arco di Trento ITA"]
[Date "2007.10.20"]
[Round "1"]
[White "Vistisen,L"]
[Black "Savarese,V"]
[Result "1-0"]
[WhiteElo "2153"]
[BlackElo "1859"]

1.e4 d5 2.exd5 Qxd5 3.Nc3 Qd6 4.Bc4 Nf6 5.d3 c6 6.Nge2 e5 7.f4 Bg4 8.fxe5 Qxe5
9.Bf4 Qh5 10.Qd2 Bb4 11.Qe3+ Kf8 12.O-O Bxe2 13.Nxe2 Qc5 14.Nd4 Nbd7 15.c3 Re8
16.cxb4 Qxb4 17.Nc2 Qxb2 18.Bd6+ Kg8 19.Qxe8+  1-0

[Event "TCh-ROU Superliga"]
[Site "Predeal ROU"]
[Date "2007.10.20"]
[Round "8"]
[White "Luther,T"]
[Black "Nevednichy,V"]
[Result "1-0"]
[WhiteElo "2534"]
[BlackElo "2531"]

1.e4 d5 2.exd5 Qxd5 3.Nc3 Qd6 4.d4 c6 5.Ne4 Qe6 6.Qe2 Nf6 7.Nxf6+ exf6 8.Bf4 Be7
9.Nf3 Nd7 10.Qxe6 fxe6 11.O-O-O Kf7 12.h4 h5 13.Be2 a5 14.Nd2 c5 15.dxc5 e5
16.Be3 Nxc5 17.Nc4 Bg4 18.Bxg4 hxg4 19.Nd6+ Bxd6 20.Rxd6 Rac8 21.Bxc5 Rxc5
22.Rd7+ Kg6 23.Rxb7 Rc4 24.g3 Re4 25.Rd7 Kf5 26.Rhd1 g5 27.hxg5 Kxg5 28.b3 f5
29.Rg7+ Kf6 30.Ra7 Re2 31.Rd6+ Kg5 32.Rxa5 Rxf2 33.Rxe5 Rhh2 34.Rc5 Rf3 35.a4 Rxg3
36.a5 Rg1+ 37.Kb2 g3 38.Rc8 g2 39.Rg8+ Kf4 40.Rdg6 Kf3 41.a6 Rh7 42.b4 Rh4
43.Rg3+ Kf2 44.Rxg2+ Rxg2 45.Rxg2+ Kxg2 46.a7 Rh8 47.b5 f4 48.b6  1-0

[Event "TCh-ROU Superliga"]
[Site "Predeal ROU"]
[Date "2007.10.20"]
[Round "8"]
[White "Murariu,A"]
[Black "Vajda,Al1"]
[Result "1-0"]
[WhiteElo "2503"]
[BlackElo "2456"]

1.e4 d5 2.exd5 Qxd5 3.Nc3 Qd6 4.d4 Nf6 5.Be3 c6 6.Qd2 Bf5 7.f3 h5 8.Nge2 h4
9.a3 g6 10.Rg1 Nd5 11.Nxd5 cxd5 12.Bf4 Qd7 13.g4 hxg3 14.hxg3 Nc6 15.g4 Be6
16.Nc1 Bg7 17.Nb3 Qd8 18.Bb5 Qb6 19.Bxc6+ Qxc6 20.O-O-O b6 21.Rh1 Kd7 22.Rhe1 a5
23.Kb1 Rae8 24.Re3 Rc8 25.Rde1 Qa4 26.Be5 Bxe5 27.Rxe5 Rc6 28.f4 f6 29.R5e3 Qc4
30.Rc3 Qb5 31.a4 Qxa4 32.Qe2 Rh7 33.Re3  1-0

[Event "IV Open"]
[Site "Calvia ESP"]
[Date "2007.10.21"]
[Round "7"]
[White "Hamdouchi,H"]
[Black "Caspi,I"]
[Result "1-0"]
[WhiteElo "2576"]
[BlackElo "2377"]

1.e4 d5 2.exd5 Qxd5 3.Nc3 Qd6 4.d4 Nf6 5.Nf3 c6 6.h3 Bf5 7.Bc4 Nbd7 8.O-O e6
9.Re1 Be7 10.Nh4 Bg6 11.Nxg6 hxg6 12.Ne2 Qc7 13.Nf4 g5 14.Nxe6 fxe6 15.Bxe6 O-O-O
16.Bxg5 Kb8 17.c4 Nf8 18.Bf5 N8h7 19.Bxh7 Rxh7 20.Re6 Ng8 21.Qd3 Rh8 22.Bd2 Rh4
23.d5 cxd5 24.cxd5 Bf6 25.Rc1 Rd4 26.Qb3 Qd7 27.Ba5 Rxd5 28.Bc7+ Qxc7 29.Rxc7 Kxc7
30.Qg3+ Kc8 31.Re2 Ne7 32.b4 Nc6 33.Re1 Be5 34.Qb3 Kb8 35.Kf1 Bc7 36.a4 Rd2
37.b5 Nd4 38.Qf7 Nc2 39.Re7 Rd1+ 40.Ke2 R8d2+ 41.Kf3 Ne1+ 42.Kg4 Rd4+ 43.Kh5 Rd5+
44.Kg6 Nd3 45.Kxg7 Ne5 46.Qe8+ Rd8 47.Rxe5 Rxe8 48.Rxe8+ Bd8 49.h4 Kc7 50.h5 Kd7
51.Re4 Ba5 52.g4 Kd6 53.f4 Bc3+ 54.Kg6 Kd5 55.Re7 Rf1 56.f5 Rg1 57.g5 Kd6
58.Re6+ Kd5 59.Re8 Bb2 60.f6 Bc1 61.f7 Rxg5+ 62.Kf6 Rg2 63.Re5+  1-0

[Event "Open A"]
[Site "Arco di Trento ITA"]
[Date "2007.10.22"]
[Round "3"]
[White "Friedrich,N"]
[Black "Lazic,Mir"]
[Result "1/2-1/2"]
[WhiteElo "2313"]
[BlackElo "2493"]

1.e4 d5 2.exd5 Qxd5 3.Nc3 Qd8 4.d4 Nf6 5.Nf3 c6 6.Bc4 e6 7.O-O Nbd7 8.Qe2 Be7
9.Bg5 h6 10.Bh4 Nb6 11.Bb3 Nfd5 12.Bxe7 Nxc3 13.Qd3 Qxe7 14.Qxc3 O-O 15.Rfe1 Rd8
16.Rad1 Bd7 17.Ne5 Be8 18.Rd3 Nd5 19.Qd2 f6 20.Ng4 Bg6 21.Rg3 Kh7 22.c4 Qb4  1/2-1/2